| 000 -LEADER |
| fixed length control field |
01451cam a2200337 a 4500 |
| 001 - CONTROL NUMBER |
| control field |
4279539 |
| 003 - CONTROL NUMBER IDENTIFIER |
| control field |
Nust |
| 005 - DATE AND TIME OF LATEST TRANSACTION |
| control field |
20170321111527.0 |
| 008 - FIXED-LENGTH DATA ELEMENTS--GENERAL INFORMATION |
| fixed length control field |
850516s1985 nyu 000 1 eng |
| 010 ## - LIBRARY OF CONGRESS CONTROL NUMBER |
| LC control number |
85040123 |
| 020 ## - INTERNATIONAL STANDARD BOOK NUMBER |
| International Standard Book Number |
9780708831533 |
| Terms of availability |
$16.95 |
| 040 ## - CATALOGING SOURCE |
| Original cataloging agency |
DLC |
| Transcribing agency |
DLC |
| Modifying agency |
DLC |
| 050 00 - LIBRARY OF CONGRESS CALL NUMBER |
| Classification number |
PS3568.I265 |
| Item number |
V3 1985 |
| 082 00 - DEWEY DECIMAL CLASSIFICATION NUMBER |
| Classification number |
813.54 |
| Author Mark |
RIC |
| 100 1# - MAIN ENTRY--PERSONAL NAME |
| Personal name |
Rice, Anne, |
| Dates associated with a name |
1941- |
| 245 14 - TITLE STATEMENT |
| Title |
The vampire Lestat / |
| Statement of responsibility, etc. |
by Anne Rice. |
| 250 ## - EDITION STATEMENT |
| Edition statement |
1st ed. |
| 260 ## - PUBLICATION, DISTRIBUTION, ETC. |
| Place of publication, distribution, etc. |
New York : |
| Name of publisher, distributor, etc. |
Knopf : |
| -- |
Distributed by Random House, |
| Date of publication, distribution, etc. |
1985. |
| 300 ## - PHYSICAL DESCRIPTION |
| Extent |
599 p. ; |
| Dimensions |
24 cm. |
| 490 1# - SERIES STATEMENT |
| Series statement |
The Second book in the Chronicles of the vampires |
| 500 ## - GENERAL NOTE |
| General note |
Sequel to: Interview with the vampire. |
| 600 00 - SUBJECT ADDED ENTRY--PERSONAL NAME |
| Personal name |
Lestat |
| Titles and other words associated with a name |
(Vampire), |
| Dates associated with a name |
1760- |
| Form subdivision |
Fiction. |
| 650 #0 - SUBJECT ADDED ENTRY--TOPICAL TERM |
| Topical term or geographic name entry element |
Vampires |
| Form subdivision |
Fiction. |
| 655 #7 - INDEX TERM--GENRE/FORM |
| Genre/form data or focus term |
Horror tales. |
| Source of term |
gsafd |
| 800 1# - SERIES ADDED ENTRY--PERSONAL NAME |
| Personal name |
Rice, Anne, |
| Dates associated with a name |
1941- |
| Title of a work |
Vampire chronicles ; |
| Volume/sequential designation |
bk. 2. |
| 856 42 - ELECTRONIC LOCATION AND ACCESS |
| Materials specified |
Publisher description |
| Uniform Resource Identifier |
<a href="http://www.loc.gov/catdir/description/random045/85040123.html">http://www.loc.gov/catdir/description/random045/85040123.html</a> |
| 856 42 - ELECTRONIC LOCATION AND ACCESS |
| Materials specified |
Contributor biographical information |
| Uniform Resource Identifier |
<a href="https://www.loc.gov/catdir/enhancements/fy1616/85040123-b.html">https://www.loc.gov/catdir/enhancements/fy1616/85040123-b.html</a> |
| 906 ## - LOCAL DATA ELEMENT F, LDF (RLIN) |
| a |
7 |
| b |
cbc |
| c |
orignew |
| d |
1 |
| e |
ocip |
| f |
19 |
| g |
y-gencatlg |
| 942 ## - ADDED ENTRY ELEMENTS (KOHA) |
| Source of classification or shelving scheme |
|
| Koha item type |
Book |